Statistics for Countries With Footballers in the World's Top 500 Most Valuable

Click here to take the quiz!

General Stats

  • This quiz has been taken 206 times
  • The average score is 46 of 56

Answer Stats

No of PlayersAnswer% Correct
21Argentina
99%
45Brazil
99%
55France
99%
24Italy
98%
37Spain
98%
64England
97%
21Germany
97%
28Portugal
97%
6United States
97%
1Russia
96%
3Sweden
96%
2Ireland
95%
2Mexico
95%
4Norway
95%
24Netherlands
94%
15Belgium
93%
4Japan
92%
2Canada
91%
9Denmark
91%
1Egypt
91%
5Poland
91%
3South Korea
91%
3Colombia
90%
7Morocco
90%
6Austria
88%
3Croatia
88%
5Scotland
88%
6Uruguay
88%
5Switzerland
87%
7Ukraine
87%
1Greece
84%
5Serbia
84%
5Turkey
84%
2Wales
84%
9Nigeria
83%
5Senegal
83%
2Slovenia
83%
3Slovakia
81%
1Hungary
79%
6Algeria
78%
3Ecuador
78%
2Czech Republic
77%
4Ghana
77%
4Cameroon
76%
9Ivory Coast
76%
2Paraguay
75%
2Bosnia and Herzegovina
73%
1Albania
70%
2Georgia
63%
1North Macedonia
57%
4Mali
52%
1Jamaica
51%
1Kosovo
49%
1Guinea
39%
2Burkina Faso
32%
1Mozambique
20%

Score Distribution

Percentile by Number Answered

Percent of People with Each Score

Your Score History

You have not taken this quiz